Statistics for Controllers of Dominican Republic Throughout History

Click here to take the quiz!

General Stats

  • This quiz has been taken 31 times
  • The average score is 7 of 8

Answer Stats

Time PeriodAnswer% Correct
1640-1795Spain
100%
1808-1821Spain
100%
1844-Dominican Republic
93%
1795-1808France
93%
1804-1805Haiti
86%
1822-1844Haiti
86%
1821-1822Spanish Haiti
86%
1496-1640Iberian Union
46%

Score Distribution

Percentile by Number Answered

Percent of People with Each Score

Your Score History

You have not taken this quiz